Eastern Utah Libraries Catalog: Duchesne, Heber, Roosevelt, & Vernal

Teenage Mutant Ninja Turtles : (Record no. 324536)

MARC details
000 -LEADER
fixed length control field 02927cam a2200637Mi 4500
001 - CONTROL NUMBER
control field on1136913101
003 - CONTROL NUMBER IDENTIFIER
control field OCoLC
005 - DATE AND TIME OF LATEST TRANSACTION
control field 20200320223513.0
008 - FIXED-LENGTH DATA ELEMENTS--GENERAL INFORMATION
fixed length control field 190621t20202020nyua 000 1 eng d
020 ## - INTERNATIONAL STANDARD BOOK NUMBER
International Standard Book Number 9780593123737
Qualifying information (library binding)
020 ## - INTERNATIONAL STANDARD BOOK NUMBER
International Standard Book Number 0593123735
Qualifying information (library binding)
020 ## - INTERNATIONAL STANDARD BOOK NUMBER
International Standard Book Number 9780593123720
Qualifying information (softcover)
020 ## - INTERNATIONAL STANDARD BOOK NUMBER
International Standard Book Number 0593123727
Qualifying information (softcover)
035 ## - SYSTEM CONTROL NUMBER
System control number (OCoLC)1136913101
040 ## - CATALOGING SOURCE
Original cataloging agency MCT
Language of cataloging eng
Description conventions rda
Transcribing agency MCT
Modifying agency OCLCO
-- OCLCF
-- WACOL
049 ## - LOCAL HOLDINGS (OCLC)
Holding library WACL
082 04 - DEWEY DECIMAL CLASSIFICATION NUMBER
Classification number [E]
Edition number 23
092 ## - LOCALLY ASSIGNED DEWEY CALL NUMBER (OCLC)
Classification number Childrens
Item number Web
100 1# - MAIN ENTRY--PERSONAL NAME
Personal name Webster, Christy,
Relator term author.
9 (RLIN) 5727921
245 10 - TITLE STATEMENT
Title Teenage Mutant Ninja Turtles :
Remainder of title Pizza patrol! /
Statement of responsibility, etc adapted by Christy Webster, based on the teleplay "Pizza pit" by Brian Posehn ; illustrated by Patrick Spaziante.
246 30 - VARYING FORM OF TITLE
Title proper/short title Pizza patrol!
246 1# - VARYING FORM OF TITLE
Display text At head of title:
Title proper/short title Nickelodeon Rise of the Teenage Mutant Ninja Turtles
264 #1 - Production, Publication, Distribution, Manufacture, and Copyright Notice.
Place of production, publication, distribution, manufacture New York :
Name of producer, publisher, distributor, manufacturer Random House,
Date of production, publication, distribution, manufacture, or copyr [2020]
264 #4 - Production, Publication, Distribution, Manufacture, and Copyright Notice.
Date of production, publication, distribution, manufacture, or copyr ©2020
300 ## - PHYSICAL DESCRIPTION
Extent 27 pages :
Other physical details color illustrations ;
Dimensions 23 cm.
336 ## - Content Type
Content type term text
336 ## - Content Type
Content type term still image
337 ## - Media type
Media type term unmediated
338 ## - Carrier type
Carrier type term volume
490 1# - SERIES STATEMENT
Series statement Step into reading. Step 3, Reading on your own
520 ## - SUMMARY, ETC.
Summary, etc Raphael, Leonardo, Donatello, and Michelangelo love battling bad guys . . . until an unstoppable force emerges from deep beneath New York City. Have the Turtles finally met their match?
521 ## - TARGET AUDIENCE NOTE
Target audience note Children
Source Rainbow Book
650 #0 - SUBJECT ADDED ENTRY--TOPICAL TERM
Topical term or geographic name as entry element Teenage Mutant Ninja Turtles (Fictitious characters)
Form subdivision Juvenile fiction.
9 (RLIN) 5674189
650 #0 - SUBJECT ADDED ENTRY--TOPICAL TERM
Topical term or geographic name as entry element Pizzerias
Form subdivision Juvenile fiction.
9 (RLIN) 5746886
650 #0 - SUBJECT ADDED ENTRY--TOPICAL TERM
Topical term or geographic name as entry element Gangs
Form subdivision Juvenile fiction.
9 (RLIN) 5688677
650 #0 - SUBJECT ADDED ENTRY--TOPICAL TERM
Topical term or geographic name as entry element Good and evil
Form subdivision Juvenile fiction.
9 (RLIN) 5674232
650 #0 - SUBJECT ADDED ENTRY--TOPICAL TERM
Topical term or geographic name as entry element Turtles
Form subdivision Juvenile fiction.
9 (RLIN) 5703798
650 #0 - SUBJECT ADDED ENTRY--TOPICAL TERM
Topical term or geographic name as entry element Ninja
Form subdivision Juvenile fiction.
9 (RLIN) 5678524
650 #7 - SUBJECT ADDED ENTRY--TOPICAL TERM
Topical term or geographic name as entry element Gangs.
Source of heading or term fast
-- (OCoLC)fst00937695
9 (RLIN) 6020979
650 #7 - SUBJECT ADDED ENTRY--TOPICAL TERM
Topical term or geographic name as entry element Good and evil.
Source of heading or term fast
-- (OCoLC)fst00944894
9 (RLIN) 6020980
650 #7 - SUBJECT ADDED ENTRY--TOPICAL TERM
Topical term or geographic name as entry element Ninja.
Source of heading or term fast
-- (OCoLC)fst01037846
9 (RLIN) 6020981
650 #7 - SUBJECT ADDED ENTRY--TOPICAL TERM
Topical term or geographic name as entry element Pizzerias.
Source of heading or term fast
-- (OCoLC)fst01764031
9 (RLIN) 6020982
650 #7 - SUBJECT ADDED ENTRY--TOPICAL TERM
Topical term or geographic name as entry element Teenage Mutant Ninja Turtles (Fictitious characters)
Source of heading or term fast
-- (OCoLC)fst01145357
9 (RLIN) 6020983
650 #7 - SUBJECT ADDED ENTRY--TOPICAL TERM
Topical term or geographic name as entry element Turtles.
Source of heading or term fast
-- (OCoLC)fst01159689
9 (RLIN) 6020984
655 #7 - INDEX TERM--GENRE/FORM
Genre/form data or focus term Fiction.
Source of term fast
-- (OCoLC)fst01423787
9 (RLIN) 5673940
655 #7 - INDEX TERM--GENRE/FORM
Genre/form data or focus term Juvenile works.
Source of term fast
-- (OCoLC)fst01411637
9 (RLIN) 5673941
655 #7 - INDEX TERM--GENRE/FORM
Genre/form data or focus term Readers (Publications)
Source of term fast
-- (OCoLC)fst01919959
9 (RLIN) 5726093
655 #7 - INDEX TERM--GENRE/FORM
Genre/form data or focus term Readers (Publications)
Source of term lcgft
9 (RLIN) 5726093
700 1# - ADDED ENTRY--PERSONAL NAME
Personal name Spaziante, Patrick,
Relator term illustrator.
9 (RLIN) 5674191
730 0# - ADDED ENTRY--UNIFORM TITLE
-- Adaptation based on (work):
Uniform title Rise of the Teenage Mutant Ninja Turtles (Television program)
9 (RLIN) 6020985
830 #0 - SERIES ADDED ENTRY--UNIFORM TITLE
Uniform title Step into reading.
Number of part/section of a work Step 3 book.
9 (RLIN) 22591
942 ## - ADDED ENTRY ELEMENTS (KOHA)
Koha item type BOOK
948 ## - LOCAL PROCESSING INFORMATION (OCLC); SERIES PART DESIGNATOR (RLIN)
Series part designator, SPT (RLIN) 03/02/2020
z (OCLC) Sirsi
994 ## -
-- C0
-- WACOL
996 ## -
-- 175928
-- 34301001681628
-- EL
-- bk
-- wcl
-- o
-- 2
-- 14.95
-- Rainbow
-- Web
-- 03/02/2020
-- 03/11/2020
-- 03/14/2020
Holdings
Withdrawn status Lost status Source of classification or shelving scheme Damaged status Not for loan Collection code Home library Current library Shelving location Date acquired Cost, normal purchase price Total Checkouts Total Renewals Full call number Barcode Date last seen Date checked out Cost, replacement price Price effective from Koha item type
    Dewey Decimal Classification     Children Leveled Wasatch County Library Wasatch County Library Main Floor Childrens Area 03/02/2020 14.95 36 31 E Teenage Mutant Ninja Turtles 34301001681628 03/04/2026 01/13/2026 14.95 03/20/2020 BOOK
This project was made possible through a grant from the Institute of Museum and Library Service administered by the Utah State Library Division.

Wasatch County Library

  • 465 East 1200 South, Heber City, Utah 84032
  • Phone 435-654-1511 | Fax 435-654-6456

Hours

  • Monday - Friday 9:30 AM - 8:00 PM
  • Saturday 9:30 AM - 1:30 PM
  • Closed Sundays and Holidays